[Event "Lichtenberger Sommer 2023"]
[Site "Berlin"]
[Date "2023.08.15"]
[Round "4.71"]
[White "Schade, Stanley"]
[Black "Bruening, Wolfgang"]
[Result "0-1"]
[WhiteElo "1500"]
[BlackElo "1801"]
[PlyCount "74"]
[EventDate "2023.??.??"]
[WhiteTeam "vereinslos"]
[BlackTeam "vereinslos"]

1. e4 c5 2. Nf3 Nc6 3. Bb5 g6 4. O-O Bg7 5. c3 d5 6. Re1 a6 7. Bf1 dxe4 8. Rxe4
Nf6 9. Re1 O-O 10. h3 b6 11. d3 Qc7 12. Nbd2 Bb7 13. Ne4 Rad8 14. Bg5 Nxe4 15.
Rxe4 Ne5 16. Re3 Nxf3+ 17. gxf3 Rfe8 18. Qe2 f6 19. Bh4 Bh6 20. Re6 Bc6 21. Re1
Kf7 22. c4 Bf4 23. Bg3 Bxg3 24. Rxc6 Bxf2+ 25. Kxf2 Qxc6 26. Qe3 Qd6 27. Qd2
Kg7 28. b3 Qd4+ 29. Kg2 e5 30. Re4 Qd7 31. h4 h5 32. Kh2 f5 33. Re3 Qd4 34. Kh3
Qf4 35. Qf2 e4 36. dxe4 fxe4 37. Bg2 Rd3 0-1

[Event "Lichtenberger Sommer 2023"]
[Site "Berlin"]
[Date "2023.08.15"]
[Round "4.72"]
[White "Kellner, Rene"]
[Black "Oppermann, Peter"]
[Result "1/2-1/2"]
[WhiteElo "1480"]
[BlackElo "1796"]
[PlyCount "124"]
[EventDate "2023.??.??"]
[WhiteTeam "Potsdamer SV Mitte e.V."]
[BlackTeam "SK Bad Harzburg"]

1. c4 Nf6 2. g3 e5 3. Bg2 d5 4. cxd5 Nxd5 5. Nc3 Nb6 6. a4 a5 7. Nf3 Nc6 8. O-O
Be7 9. d3 Be6 10. Be3 Nd5 11. Bd2 O-O 12. Nxd5 Bxd5 13. Bc3 f6 14. Qd2 Qd7 15.
Qc2 Rfd8 16. Rfd1 Qe6 17. Nd2 Bxg2 18. Kxg2 Qc8 19. Nc4 Kf8 20. b3 b6 21. Rac1
Qb7 22. Kg1 Nd4 23. Bxd4 exd4 24. Nd2 c5 25. Qc4 Qd7 26. Ne4 f5 27. Nd2 g5 28.
Nf3 Qd6 29. Nd2 h5 30. Re1 h4 31. e3 hxg3 32. fxg3 Bf6 33. exd4 Bxd4+ 34. Kf1
Re8 35. Nf3 Be3 36. Rc2 Re7 37. Rce2 Rae8 38. Qc3 Kf7 39. Qc4+ Kg6 40. d4 f4
41. Ne5+ Kg7 42. gxf4 Bxf4 43. dxc5 bxc5 44. Ng4 Rxe2 45. Rxe2 Rf8 46. Ke1 Rd8
47. Qc3+ Qd4 48. Re7+ Kf8 49. Qxd4 cxd4 50. Ra7 d3 51. Rxa5 d2+ 52. Kd1 Rc8 53.
Rf5+ Kg7 54. Rxf4 gxf4 55. Kxd2 f3 56. Nf2 Re8 57. Kd3 Re2 58. Ng4 Rb2 59. Ke3
Rxb3+ 60. Kf2 Ra3 61. a5 Rxa5 62. Kxf3 Rh5 1/2-1/2

[Event "Lichtenberger Sommer 2023"]
[Site "Berlin"]
[Date "2023.08.15"]
[Round "4.73"]
[White "Straßburg, Moritz"]
[Black "Sommer, Ingo"]
[Result "1-0"]
[WhiteElo "1300"]
[BlackElo "1787"]
[Annotator "Luca"]
[PlyCount "89"]
[EventDate "2023.??.??"]
[WhiteTeam "SF Nordost Berlin"]
[BlackTeam "SC Kreuzberg e.V."]

1. e4 e6 2. d4 d5 3. exd5 exd5 4. Nf3 Be7 5. Bf4 Be6 6. Bd3 Nc6 7. c3 g5 8. Bg3
g4 9. Ne5 Nxe5 10. Bxe5 f6 11. Qe2 Qd7 12. Bxc7 Kf7 13. Bf4 Bd6 14. Bxd6 Qxd6
15. Na3 Re8 16. O-O-O Bd7 17. Qc2 Ne7 18. Bb5 Nc6 19. Bd3 Rc8 20. Nb5 Qb8 21.
Bxh7 Qf4+ 22. Kb1 f5 23. g3 Qg5 24. Nd6+ Kf6 25. Nxc8 Bxc8 26. Qb3 Rxh7 27.
Qxd5 Rd7 28. Qc5 Qg8 29. d5 Ne5 30. Qd4 Qf8 31. Rhe1 Qd6 32. c4 b6 33. Qf4 Rh7
34. Rh1 Ba6 35. b3 Bxc4 36. Rd4 Be2 37. Rc1 Bb5 38. a4 Bd7 39. Rh1 Qa3 40. Rb4
Nf3 41. Qd6+ Kf7 42. Qxd7+ Kg6 43. Qe6+ Kg7 44. Qe7+ Kh6 45. Rxb6+ 1-0

[Event "Lichtenberger Sommer 2023"]
[Site "Berlin"]
[Date "2023.08.15"]
[Round "4.74"]
[White "Knol, Jeffrey"]
[Black "Schumacher, Gerhard"]
[Result "1/2-1/2"]
[WhiteElo "1179"]
[BlackElo "1776"]
[PlyCount "126"]
[EventDate "2023.??.??"]
[WhiteTeam "Schaakvereniging Almere"]
[BlackTeam "Gardez Robe"]

1. e4 d6 2. Nf3 Nf6 3. Nc3 e5 4. Bc4 Be7 5. d3 O-O 6. O-O c6 7. Bb3 Nbd7 8. Re1
b5 9. a3 a5 10. d4 Bb7 11. d5 b4 12. dxc6 Bxc6 13. Nd5 Nxd5 14. Bxd5 Bxd5 15.
Qxd5 Nf6 16. Qd3 Qc7 17. Bd2 Qc5 18. Be3 Qc6 19. Nd2 Rfc8 20. Rac1 h6 21. h3 d5
22. exd5 Nxd5 23. Nf3 f6 24. axb4 Nxb4 25. Qb3+ Qc4 26. Qxc4+ Rxc4 27. Re2 a4
28. c3 Nd5 29. Nd2 Rc6 30. Nb1 Rb8 31. Rcc2 Nxe3 32. Rxe3 Rcb6 33. Ree2 Rb3 34.
Red2 Kf7 35. Kf1 Ke6 36. Ke2 f5 37. g3 Bg5 38. f4 exf4 39. gxf4 Bxf4 40. Rd4
Bg5 41. Na3 Rxb2 42. Rxa4 Bf6 43. Ra6+ R2b6 44. Rxb6+ Rxb6 45. Nc4 Rc6 46. Kd3
f4 47. Nd2 Kf5 48. c4 g5 49. Ke2 h5 50. Ra2 Rc5 51. Ra3 g4 52. hxg4+ hxg4 53.
Rd3 Re5+ 54. Kf2 Bh4+ 55. Kg1 Be7 56. Rd5 Rxd5 57. cxd5 Ke5 58. Nf1 Kxd5 59.
Nh2 g3 60. Nf1 Bd6 61. Nd2 Kd4 62. Kg2 Kd3 63. Nf3 Ke3 1/2-1/2

[Event "Lichtenberger Sommer 2023"]
[Site "Berlin"]
[Date "2023.08.15"]
[Round "4.75"]
[White "Villuela, Roberto"]
[Black "Ruddat, Mathias"]
[Result "1/2-1/2"]
[WhiteElo "1775"]
[BlackElo "1514"]
[PlyCount "117"]
[EventDate "2023.??.??"]
[WhiteTeam "SC Friesen Lichtenberg e.V."]
[BlackTeam "TSG Oberschöneweide e.V."]

1. Nf3 c5 2. c4 Nc6 3. g3 g6 4. Bg2 Bg7 5. Nc3 Nf6 6. d4 cxd4 7. Nxd4 O-O 8.
O-O a6 9. Bg5 h6 10. Bf4 Nxd4 11. Qxd4 d6 12. Qd2 Kh7 13. Rfd1 g5 14. Qd3+ Kg8
15. Bc1 Qc7 16. b3 Bd7 17. Bb2 Bc6 18. Nd5 Nxd5 19. Bxg7 Kxg7 20. cxd5 Bb5 21.
Qd4+ f6 22. Rdc1 Qd8 23. Rc2 Rc8 24. Rac1 Rxc2 25. Rxc2 Bd7 26. Qc3 Qc8 27. Qd2
Qb8 28. Be4 Rc8 29. Qd3 Rxc2 30. Qxc2 Qc8 31. Qxc8 Bxc8 32. Kf1 f5 33. Bd3 Kf6
34. f4 g4 35. Kf2 e5 36. e3 e4 37. Bc2 Ke7 38. Ke2 Kd7 39. Kd2 Kc7 40. Kc3 b5
41. Kd4 Kb6 42. b4 Kc7 43. Bd1 h5 44. Be2 Kd8 45. Bf1 Ke7 46. h3 Bd7 47. Bg2
Kf6 48. hxg4 hxg4 49. Bf1 Ke7 50. Be2 Kf6 51. Bd1 Be8 52. Be2 Bd7 53. a4 Be8
54. a5 Bd7 55. Bxg4 fxg4 56. Kxe4 Bf5+ 57. Kd4 Bc2 58. e4 Ke7 59. Ke3 1/2-1/2

[Event "Lichtenberger Sommer 2023"]
[Site "Berlin"]
[Date "2023.08.15"]
[Round "4.76"]
[White "Reißmann, Edmund"]
[Black "Rausch, Erik"]
[Result "1/2-1/2"]
[WhiteElo "1094"]
[BlackElo "1760"]
[PlyCount "70"]
[EventDate "2023.??.??"]
[WhiteTeam "SV Erzgebirge Stollber"]
[BlackTeam "SC Kreuzberg e.V."]

1. d4 d5 2. c4 e6 3. Nc3 Nf6 4. Bg5 Be7 5. e3 Nbd7 6. Nf3 c6 7. a3 h6 8. Bh4
O-O 9. Bd3 dxc4 10. Bxc4 b5 11. Ba2 Ba6 12. b4 Bb7 13. O-O a5 14. Qb3 axb4 15.
axb4 Nb6 16. Rac1 Na4 17. Bb1 Nxc3 18. Rxc3 g5 19. Bg3 Ra4 20. Be5 Nd5 21. Qc2
f5 22. Rxc6 Nxb4 23. Rxe6 Nxc2 24. Rg6+ Kf7 25. Rg7+ Ke8 26. Bxc2 Ra3 27. Rc1
Qa8 28. h3 Bd5 29. Bxf5 Rxf5 30. Rc7 Ra1+ 31. Kh2 Ra7 32. Rgxe7+ Kd8 33. Red7+
Ke8 34. Re7+ Kd8 35. Red7+ Ke8 1/2-1/2

[Event "Lichtenberger Sommer 2023"]
[Site "Berlin"]
[Date "2023.08.15"]
[Round "4.77"]
[White "Elyounis, Aalaa"]
[Black "Pawlowski, Lion"]
[Result "1-0"]
[WhiteElo "1737"]
[BlackElo "1200"]
[PlyCount "90"]
[EventDate "2023.??.??"]
[WhiteTeam "SC Zitadelle Spandau 1977 e.V."]
[BlackTeam "SC Zugzwang 95 e.V."]

1. e4 c6 2. d4 d5 3. exd5 cxd5 4. c4 e6 5. Nc3 Nf6 6. c5 b6 7. b4 a5 8. Na4
Nbd7 9. a3 Be7 10. c6 Nf8 11. b5 Ng6 12. Nf3 O-O 13. h4 h5 14. Bd3 Ng4 15. Qe2
e5 16. dxe5 N6xe5 17. Nxe5 Nxe5 18. Qxe5 Bf6 19. Qxh5 g6 20. Bxg6 fxg6 21.
Qxg6+ Kh8 22. Ra2 Ra7 23. Bg5 Rg7 24. Qd3 Re8+ 25. Kf1 Bg4 26. f3 Bh5 27. Re2
Bg6 28. Qd2 Rxe2 29. Qxe2 Qd6 30. Bxf6 Qxf6 31. Qb2 Bd3+ 32. Kg1 Qe7 33. Kf2 d4
34. g4 Qe3+ 35. Kg3 Rf7 36. Qf2 Qf4+ 37. Kg2 Be4 38. Qxd4+ Kh7 39. Qxe4+ Qxe4
40. fxe4 Kg8 41. Nxb6 Kf8 42. Rf1 Rxf1 43. Kxf1 a4 44. c7 Ke7 45. c8=R Kd6 1-0

[Event "Lichtenberger Sommer 2023"]
[Site "Berlin"]
[Date "2023.08.15"]
[Round "4.78"]
[White "Stein, Siegfried"]
[Black "Hildebrand, Azat"]
[Result "1-0"]
[WhiteElo "1730"]
[BlackElo "1419"]
[Annotator "Luca"]
[PlyCount "71"]
[EventDate "2023.??.??"]
[WhiteTeam "SV Berolina Mitte e.V."]
[BlackTeam "SC Borussia Lichtenberg"]

{[%evp 0,52,19,38,60,60,55,15,39,7,-10,-14,-27,-3,-6,-6,13,22,22,22,36,24,90,
16,59,56,67,35,59,46,73,-1,26,23,121,3,61,-37,68,68,73,-51,-61,63,343,417,645,
732,732,892,1321,1750,29981,29984,29985]} 1. e4 c6 2. d4 d5 3. f3 Nd7 4. e5 c5
5. c3 e6 6. f4 Ne7 7. Nf3 b6 8. Bd3 Bb7 9. O-O Rc8 10. Bd2 Nc6 11. a3 cxd4 12.
cxd4 Be7 13. b4 a6 14. Nc3 b5 15. Rc1 Nb6 16. f5 O-O 17. Ne2 Nc4 18. Nf4 Qd7
19. fxe6 fxe6 20. Nh3 Nxa3 21. Bxh7+ Kxh7 22. Nfg5+ Bxg5 23. Nxg5+ Kg8 24. Qh5
g6 25. Qxg6+ Qg7 26. Qxe6+ Kh8 27. Rf7 Rxf7 28. Nxf7+ Kh7 29. Rc3 Rc7 30. Ng5+
Kh8 31. Rh3+ Qh6 32. Rxh6+ Kg7 33. Rh7+ Kf8 34. Rxc7 Nd8 35. Qe7+ Kg8 36. Qg7#
1-0

[Event "Lichtenberger Sommer 2023"]
[Site "Berlin"]
[Date "2023.08.15"]
[Round "4.79"]
[White "Bade, Heidrun"]
[Black "Rohde, Carmen"]
[Result "1-0"]
[WhiteElo "1722"]
[BlackElo "1000"]
[PlyCount "59"]
[EventDate "2023.??.??"]
[WhiteTeam "USV Potsdam e.V., Abt. Schach"]
[BlackTeam "SV Mattnetz Berlin e.V."]

1. e4 d5 2. exd5 Nf6 3. Nc3 e6 4. d4 exd5 5. Bd3 Nc6 6. Nge2 Be6 7. Bf4 Bd6 8.
Bxd6 Qxd6 9. Qd2 Qd7 10. a3 O-O 11. O-O-O Ng4 12. Nf4 Nxd4 13. f3 Nf6 14. Bxh7+
Kxh7 15. Qxd4 Kg8 16. g4 Qd6 17. h4 c5 18. Qd2 Rad8 19. h5 Qb6 20. g5 Nh7 21.
Nfxd5 Bxd5 22. Nxd5 Qe6 23. Rhe1 Qh3 24. Qf4 Qxh5 25. Ne7+ Kh8 26. Rh1 Rxd1+
27. Rxd1 f6 28. Qf5 Re8 29. Ng6+ Kg8 30. Qd5+ 1-0

[Event "Lichtenberger Sommer 2023"]
[Site "Berlin"]
[Date "2023.08.15"]
[Round "4.80"]
[White "Udod, Oleksandra"]
[Black "Regel, Michael"]
[Result "0-1"]
[WhiteElo "845"]
[BlackElo "1722"]
[PlyCount "30"]
[EventDate "2023.??.??"]
[WhiteTeam "SK Zehlendorf e.V."]
[BlackTeam "SC Friesen Lichtenberg e.V."]

1. c4 e6 2. Nc3 d5 3. e3 Nf6 4. d4 Be7 5. cxd5 exd5 6. Nf3 O-O 7. Bd3 c6 8. O-O
Bg4 9. h3 Bh5 10. e4 dxe4 11. Nxe4 Nbd7 12. Bg5 Nxe4 13. Bxe7 Qxe7 14. Re1 Bxf3
15. gxf3 Qg5+ 0-1

[Event "Lichtenberger Sommer 2023"]
[Site "Berlin"]
[Date "2023.08.15"]
[Round "4.81"]
[White "Fiedler, Ronald"]
[Black "Biermann, Oliver"]
[Result "1/2-1/2"]
[WhiteElo "1642"]
[BlackElo "1174"]
[PlyCount "39"]
[EventDate "2023.??.??"]
[WhiteTeam "SVG Läufer Reinickendorf e.V."]
[BlackTeam "SC Kreuzberg e.V."]

1. d4 d5 2. c4 Bf5 3. Nc3 Nf6 4. e3 e6 5. a3 c6 6. Bd2 Be7 7. Be2 O-O 8. Rc1
Nbd7 9. cxd5 exd5 10. Nf3 Qb6 11. b4 a5 12. Na4 Qc7 13. Nh4 Be6 14. Nc5 Nxc5
15. bxc5 Ne4 16. Nf3 Nxd2 17. Qxd2 Rfe8 18. O-O Bg4 19. h3 Bxf3 20. Bxf3
1/2-1/2

[Event "Lichtenberger Sommer 2023"]
[Site "Berlin"]
[Date "2023.08.15"]
[Round "4.83"]
[White "Geiß, Anne"]
[Black "Lippianowski, Stefan"]
[Result "1-0"]
[WhiteElo "1437"]
[BlackElo "1064"]
[PlyCount "67"]
[EventDate "2023.??.??"]
[WhiteTeam "SC Kreuzberg e.V."]
[BlackTeam "SV Mattnetz Berlin e.V."]

1. e4 e5 2. Nf3 Nc6 3. Bc4 h6 4. c3 d6 5. d4 Na5 6. Be2 Nf6 7. b4 Nc6 8. d5 Ne7
9. Nbd2 Bg4 10. h3 Bxf3 11. Nxf3 Nxe4 12. c4 c5 13. dxc6 Nxc6 14. Qd3 Nf6 15.
Qa3 e4 16. Nh2 Nd4 17. Qb2 Ne6 18. Be3 Be7 19. O-O O-O 20. Rad1 Ne8 21. f3 Bf6
22. Qc2 Qc7 23. Qxe4 Be5 24. f4 f5 25. Qd5 Nf6 26. Qxe6+ Qf7 27. Qxf7+ Rxf7 28.
fxe5 Re8 29. exf6 Rxe3 30. Bf3 Rxf6 31. Bxb7 Rg6 32. Rxf5 Rxh3 33. Bd5+ Kh7 34.
Bf7 1-0

[Event "Lichtenberger Sommer 2023"]
[Site "Berlin"]
[Date "2023.08.15"]
[Round "4.84"]
[White "Lotzmanov, Peter"]
[Black "Dreke, Frank"]
[Result "0-1"]
[WhiteElo "1591"]
[BlackElo "1946"]
[PlyCount "64"]
[EventDate "2023.??.??"]
[WhiteTeam "BSG Stahl Eisenhüttenstadt e.V."]
[BlackTeam "SV Mattnetz Berlin e.V."]

1. d4 Nf6 2. c4 e6 3. g3 d5 4. Nf3 Nbd7 5. Bg2 c6 6. Nbd2 Bd6 7. O-O O-O 8. Qc2
Re8 9. e4 dxe4 10. Nxe4 Nxe4 11. Qxe4 e5 12. Rd1 Nf6 13. Qc2 e4 14. Ne5 Qc7 15.
f4 c5 16. Be3 Ng4 17. Nxg4 Bxg4 18. Rf1 cxd4 19. Bxd4 Bc5 20. Bxc5 Qxc5+ 21.
Kh1 f5 22. h3 Bh5 23. Rac1 Rad8 24. a3 Qe3 25. g4 Rd2 26. Qa4 Qe2 27. Rg1 fxg4
28. Rce1 Qf2 29. Qa5 gxh3 30. Qxh5 hxg2+ 31. Kh2 Re6 32. Rxe4 Rxe4 0-1

[Event "Lichtenberger Sommer 2023"]
[Site "Berlin"]
[Date "2023.08.15"]
[Round "4.85"]
[White "Sauer, Jakob"]
[Black "Paashaus, Detlef"]
[Result "0-1"]
[WhiteElo "1353"]
[BlackElo "1931"]
[PlyCount "84"]
[EventDate "2023.??.??"]
[WhiteTeam "TSG Oberschöneweide e.V."]
[BlackTeam "HSK Lister Turm"]

1. e4 d5 2. exd5 Qxd5 3. Nc3 Qd6 4. Nf3 Nf6 5. Bc4 a6 6. d3 Nc6 7. a3 b5 8. Ba2
Bb7 9. Ng5 e6 10. Nge4 Nxe4 11. Nxe4 Qd7 12. Be3 Be7 13. Nc5 Bxc5 14. Bxc5 Ne7
15. Qg4 Bd5 16. Bxd5 Qxd5 17. Bxe7 Kxe7 18. Qxg7 Rag8 19. Qc3 c6 20. O-O-O Qxg2
21. Qc5+ Kd7 22. Qa7+ Kd6 23. Qxf7 Rf8 24. Qa7 Qxf2 25. Qxa6 Qe3+ 26. Kb1 Ra8
27. Qb7 Ra7 28. Rhe1 Qxe1 29. Qxa7 Qxd1+ 30. Ka2 Qg4 31. h3 Qf5 32. Qg7 Qe5 33.
Qa7 Qd5+ 34. b3 Qc5 35. Qg7 Qxc2+ 36. Ka1 Qd1+ 37. Ka2 Qe2+ 38. Kb1 Qxd3+ 39.
Kc1 Qe3+ 40. Kd1 Qe5 41. Qa7 Rf8 42. Kd2 Qc5 0-1

[Event "Lichtenberger Sommer 2023"]
[Site "Berlin"]
[Date "2023.08.15"]
[Round "4.86"]
[White "Hildebrand, Jörg"]
[Black "Schilling, Hans"]
[Result "0-1"]
[WhiteElo "1552"]
[BlackElo "1763"]
[PlyCount "96"]
[EventDate "2023.??.??"]
[WhiteTeam "SF Berlin 1903 e.V."]
[BlackTeam "SF Nordost Berlin"]

1. c4 e6 2. g3 d5 3. Bg2 Nf6 4. Nf3 Be7 5. O-O O-O 6. Qc2 c6 7. d4 Nbd7 8. b3
Re8 9. e3 Bd6 10. Bb2 dxc4 11. bxc4 Qa5 12. Nbd2 Qh5 13. Ne4 Nxe4 14. Qxe4 Qg6
15. Nd2 Nf6 16. Qxg6 hxg6 17. e4 e5 18. d5 Bd7 19. a4 b6 20. Ba3 Bxa3 21. Rxa3
g5 22. Rc1 Rac8 23. Rcc3 Nh7 24. h3 f6 25. g4 Nf8 26. Nb3 Ng6 27. Kh2 Nf4 28.
Nc1 cxd5 29. exd5 Nxg2 30. Kxg2 Rc7 31. Nb3 Rec8 32. Nd2 Rc5 33. Kf3 Ra5 34.
Ne4 Rc7 35. Ra1 Rxa4 36. Rxa4 Bxa4 37. c5 bxc5 38. Rxc5 Rxc5 39. Nxc5 Bb5 40.
Ke4 Kf7 41. d6 Bc6+ 42. Kd3 Bg2 43. Ne4 Bxe4+ 44. Kxe4 Ke6 45. d7 Kxd7 46. Kf5
Ke7 47. Kg6 Ke6 48. Kxg7 a5 0-1

[Event "Lichtenberger Sommer 2023"]
[Site "Berlin"]
[Date "2023.08.15"]
[Round "4.87"]
[White "Potgieter, Edward"]
[Black "Morper, Justus"]
[Result "1/2-1/2"]
[WhiteElo "1719"]
[BlackElo "1432"]
[PlyCount "120"]
[EventDate "2023.??.??"]
[WhiteTeam "Johannesburg Metro Chess"]
[BlackTeam "SV Mattnetz Berlin e.V."]

1. e4 e6 2. d4 d5 3. exd5 exd5 4. Nf3 Bd6 5. Bd3 Nf6 6. h3 O-O 7. O-O Be6 8.
Ng5 h6 9. Nxe6 fxe6 10. Re1 Qd7 11. Nd2 c5 12. Nf3 Nc6 13. c3 Rae8 14. Be3 cxd4
15. cxd4 a6 16. Nh4 Rd8 17. Ng6 Rfe8 18. Rc1 e5 19. dxe5 Nxe5 20. Nxe5 Bxe5 21.
Bg6 Re7 22. Bb6 Rc8 23. Rxc8+ Qxc8 24. Bd4 Qc7 25. Bxe5 Rxe5 26. Rxe5 Qxe5 27.
Qc1 Qe6 28. Qc2 Qc6 29. Qxc6 bxc6 30. b4 Nd7 31. Be8 Nb8 32. f4 Kf8 33. Bg6 Ke7
34. Bd3 Kd6 35. g4 c5 36. bxc5+ Kxc5 37. Kf2 Kd4 38. Ke2 Nc6 39. h4 Nb4 40. Bb1
a5 41. g5 hxg5 42. fxg5 Ke5 43. h5 d4 44. a3 Nd5 45. Kd2 Nf4 46. h6 gxh6 47.
gxh6 Kf6 48. h7 Kg7 49. Be4 Kh8 50. Ke1 Ne6 51. Ke2 Nc5 52. Bf5 Kg7 53. Kf3 Kh8
54. Kf4 Kg7 55. Ke5 d3 56. Kd4 d2 57. Bc2 Nb7 58. Kc3 Nd6 59. Kxd2 Nb5 60. Kd3
Nxa3 1/2-1/2

[Event "Lichtenberger Sommer 2023"]
[Site "Berlin"]
[Date "2023.08.15"]
[Round "4.88"]
[White "Engelhardt, Erhard"]
[Black "Zesewitz, Uwe"]
[Result "1-0"]
[WhiteElo "1709"]
[BlackElo "1378"]
[PlyCount "87"]
[EventDate "2023.??.??"]
[WhiteTeam "SSV Rotation Berlin e.V."]
[BlackTeam "SV SF Friedrichshagen"]

1. f4 d5 2. e4 dxe4 3. Nc3 Nf6 4. Qe2 Bg4 5. Qb5+ Nbd7 6. Qxb7 e6 7. Nxe4 Bd6
8. Nxf6+ gxf6 9. Be2 Bf5 10. d3 Ke7 11. Nf3 Nc5 12. Qc6 Qd7 13. Qxd7+ Kxd7 14.
Nd4 Bg6 15. Bg4 h5 16. Bf3 Rab8 17. b3 e5 18. Ne2 c6 19. Kf2 Ne6 20. g3 f5 21.
fxe5 Bxe5 22. Rb1 h4 23. Bf4 Bxf4 24. gxf4 Bh5 25. Bxh5 Rxh5 26. h3 Rh7 27.
Rhg1 c5 28. Rbd1 Kc6 29. Kf3 Rb7 30. c3 a5 31. d4 Rd7 32. dxc5 Rxd1 33. Rxd1
Kxc5 34. c4 f6 35. Rd5+ Kc6 36. Rxf5 Rf7 37. Rxa5 Kb6 38. Rh5 Rd7 39. Rd5 Rxd5
40. cxd5 Nc5 41. Nd4 Kc7 42. Ne6+ Kd6 43. Nxc5 Kxc5 44. Ke4 1-0

[Event "Lichtenberger Sommer 2023"]
[Site "Berlin"]
[Date "2023.08.15"]
[Round "4.89"]
[White "Aßmus, Sven"]
[Black "Rapp, David"]
[Result "1-0"]
[WhiteElo "1683"]
[BlackElo "1271"]
[PlyCount "81"]
[EventDate "2023.??.??"]
[WhiteTeam "SV Mattnetz Berlin e.V."]
[BlackTeam "SV Königsjäger Süd-West e.V."]

1. c4 e5 2. Nc3 Nf6 3. Nf3 Nc6 4. g3 Bc5 5. Bg2 O-O 6. O-O a6 7. a3 d6 8. b4
Ba7 9. Qc2 Nd4 10. Nxd4 Bxd4 11. e3 Bb6 12. Bb2 c6 13. Na4 Bc7 14. d4 Re8 15.
Rfd1 Qe7 16. d5 Bd7 17. Nc3 Rab8 18. Ne4 Bf5 19. dxc6 bxc6 20. Nxf6+ Qxf6 21.
Qa4 c5 22. Bc3 Qe6 23. Qxa6 Rb6 24. Qa4 Reb8 25. Bd5 Qg6 26. Rac1 Be4 27. Qd7
Bxd5 28. Rxd5 R6b7 29. b5 Qe4 30. Bd2 Qg6 31. a4 Qf6 32. Qc6 Qd8 33. a5 Rb6 34.
axb6 Rxb6 35. Rxd6 Bxd6 36. Qd5 Qc7 37. Ba5 g6 38. Bxb6 Qxb6 39. Ra1 Kg7 40.
Ra6 Qc7 41. Qxd6 1-0

[Event "Lichtenberger Sommer 2023"]
[Site "Berlin"]
[Date "2023.08.15"]
[Round "4.90"]
[White "Schmidt, Alexander Nadvid"]
[Black "Krawczyk, Harald"]
[Result "1/2-1/2"]
[WhiteElo "1274"]
[BlackElo "1641"]
[PlyCount "65"]
[EventDate "2023.??.??"]
[WhiteTeam "SK Zehlendorf e.V."]
[BlackTeam "SG Rot-Weiß Neuenhagen"]

1. d4 Nf6 2. Bf4 e6 3. e3 d5 4. c4 c6 5. Nc3 Nbd7 6. Qb3 Be7 7. cxd5 exd5 8.
Nf3 O-O 9. Bd3 h6 10. Rc1 Nb6 11. O-O Be6 12. a4 a5 13. Nb5 cxb5 14. Bc7 bxa4
15. Qxb6 Qe8 16. Bb5 Bd7 17. Bxd7 Qxd7 18. Ne5 Qf5 19. Qxb7 Bb4 20. Nc6 a3 21.
bxa3 Bxa3 22. Ra1 Bb4 23. Nxb4 Qc8 24. Qxc8 Rfxc8 25. Bxa5 Rc4 26. Nd3 Rc2 27.
Bb6 Rb8 28. Bc5 Ne4 29. f3 Nc3 30. Nf4 g5 31. Nh5 Rbb2 32. Ra8+ Kh7 33. Rfa1
1/2-1/2

[Event "Lichtenberger Sommer 2023"]
[Site "Berlin"]
[Date "2023.08.15"]
[Round "4.91"]
[White "Lippert, Marc"]
[Black "Bernhofen, Helmut"]
[Result "0-1"]
[WhiteElo "1103"]
[BlackElo "1549"]
[PlyCount "106"]
[EventDate "2023.??.??"]
[WhiteTeam "SVG Läufer Reinickendorf e.V."]
[BlackTeam "SC Kreuzberg e.V."]

1. Nf3 Nf6 2. d4 g6 3. g3 Bg7 4. Bg2 O-O 5. O-O d6 6. c4 c6 7. Nc3 Qc7 8. e4 e5
9. Qc2 Na6 10. a3 exd4 11. Nxd4 Nc5 12. b4 Ncxe4 13. Nxe4 Nxe4 14. Qxe4 Bd7 15.
Rb1 Rae8 16. Qd3 a6 17. Bb2 c5 18. Nb3 Bf5 19. Qd5 Bxb1 20. Bxg7 Kxg7 21. Rxb1
cxb4 22. axb4 b5 23. cxb5 axb5 24. Nd4 Re5 25. Nxb5 Qc2 26. Qd1 Qxd1+ 27. Rxd1
Rxb5 28. Rd4 Rfb8 29. f4 R8b6 30. Kf2 Rxb4 31. Rxb4 Rxb4 32. Ke3 Rb2 33. Kf3 f5
34. h3 d5 35. g4 Kf6 36. g5+ Ke6 37. Bf1 Rb3+ 38. Kg2 Re3 39. h4 Kd6 40. Kf2 d4
41. Be2 Kc5 42. h5 Kb4 43. hxg6 hxg6 44. Ke1 Re4 45. Kd2 Rxf4 46. Kd3 Kc5 47.
Bd1 Rf1 48. Ba4 Rg1 49. Be8 Rxg5 50. Bf7 Rg3+ 51. Kd2 Kd6 52. Bc4 Ke5 53. Bd3
Rxd3+ 0-1

[Event "Lichtenberger Sommer 2023"]
[Site "Berlin"]
[Date "2023.08.15"]
[Round "4.92"]
[White "Teusch, Lucas"]
[Black "Dragnev, Stoyan"]
[Result "1-0"]
[WhiteElo "1605"]
[BlackElo "1100"]
[PlyCount "77"]
[EventDate "2023.??.??"]
[WhiteTeam "Leegebrucher SF"]
[BlackTeam "vereinslos"]

1. e4 c6 2. Nf3 d5 3. Nc3 Nf6 4. e5 Ne4 5. d3 Nxc3 6. bxc3 Bg4 7. h3 Bxf3 8.
Qxf3 e6 9. d4 Be7 10. Bd3 Qa5 11. Bd2 Nd7 12. O-O c5 13. Rad1 Rc8 14. c4 Qb6
15. Rb1 Qc7 16. cxd5 exd5 17. Qxd5 Nb6 18. Qe4 cxd4 19. Qxd4 Bc5 20. Bb5+ Nd7
21. Qxd7+ Qxd7 22. Bxd7+ Kxd7 23. Rxb7+ Ke6 24. Re1 Bd4 25. c3 Bxc3 26. Bxc3
Rxc3 27. Rxa7 Rd8 28. Re2 Rd1+ 29. Kh2 g5 30. Ra6+ Kd5 31. Rd6+ Kc4 32. Rxd1 h5
33. Rd7 f5 34. exf6 h4 35. f7 g4 36. hxg4 h3 37. f8=Q Kb5 38. Rb2+ Kc4 39. Qc8#
1-0

[Event "Lichtenberger Sommer 2023"]
[Site "Berlin"]
[Date "2023.08.15"]
[Round "4.93"]
[White "Hauer, Benno"]
[Black "Franz, Jonathan"]
[Result "1-0"]
[WhiteElo "1330"]
[BlackElo "1537"]
[PlyCount "95"]
[EventDate "2023.??.??"]
[WhiteTeam "SVG Saarbrücken 1970 e.V."]
[BlackTeam "Potsdamer SV Mitte e.V."]

1. b3 d5 2. Bb2 c5 3. e3 Nf6 4. Nf3 g6 5. d4 Bg7 6. c4 O-O 7. Nc3 cxd4 8. Nxd4
dxc4 9. Bxc4 a6 10. O-O b5 11. Be2 Bb7 12. Bf3 Bxf3 13. Qxf3 Nbd7 14. Nc6 Qe8
15. Ba3 e6 16. Bxf8 Nxf8 17. Rac1 Rc8 18. Ne2 Nd5 19. Ncd4 Rxc1 20. Rxc1 Nd7
21. e4 Ne5 22. Qg3 Ne7 23. f4 Nd7 24. Qd3 Nf6 25. Rc7 Qd8 26. Rc1 Qa8 27. Ng3
Qd8 28. Rd1 Bh6 29. f5 Qb6 30. Kh1 Ng4 31. Qe2 Ne3 32. Rd3 e5 33. Nc2 Nxc2 34.
Qxc2 Kg7 35. Rd7 Ng8 36. Qc7 Qxc7 37. Rxc7 Be3 38. Rc6 a5 39. Nf1 Bd4 40. Ra6
Bc3 41. fxg6 hxg6 42. Ne3 Nf6 43. Rxf6 Kxf6 44. Nd5+ Ke6 45. Nxc3 b4 46. Ne2 f5
47. exf5+ gxf5 48. g3 1-0

[Event "Lichtenberger Sommer 2023"]
[Site "Berlin"]
[Date "2023.08.15"]
[Round "4.94"]
[White "Ali, Maha"]
[Black "Reekers, Anton"]
[Result "1-0"]
[WhiteElo "1325"]
[BlackElo "1508"]
[PlyCount "67"]
[EventDate "2023.??.??"]
[WhiteTeam "SK Zehlendorf e.V."]
[BlackTeam "SC Kreuzberg e.V."]

1. d4 Nf6 2. c4 d6 3. Nc3 g6 4. e4 Bg7 5. Be2 O-O 6. Be3 Nbd7 7. h4 c5 8. h5
cxd4 9. Bxd4 Nc5 10. hxg6 fxg6 11. e5 dxe5 12. Bxc5 Nd7 13. Be3 e6 14. Bh6 Bxh6
15. Rxh6 Qb6 16. Nf3 Qxb2 17. Qc1 Qb6 18. Rb1 Qc6 19. Qg5 Kg7 20. Qh4 Nf6 21.
Nxe5 Qxg2 22. Bf3 g5 23. Bxg2 gxh4 24. Rxh4 Rb8 25. Rh3 b6 26. Rg3+ Kh8 27. c5
Ba6 28. cxb6 axb6 29. Na4 b5 30. Nc5 Bc8 31. Bc6 b4 32. a3 Nd5 33. Ned7 bxa3
34. Rxb8 1-0

[Event "Lichtenberger Sommer 2023"]
[Site "Berlin"]
[Date "2023.08.15"]
[Round "4.95"]
[White "Lange, Christoph"]
[Black "Koerber, Bernhard"]
[Result "1/2-1/2"]
[WhiteElo "1320"]
[BlackElo "1451"]
[PlyCount "40"]
[EventDate "2023.??.??"]
[WhiteTeam "TSG Oberschöneweide e.V."]
[BlackTeam "SG Lasker Stegli"]

1. e4 e6 2. d4 d5 3. exd5 exd5 4. Nf3 Bg4 5. Bf4 Nf6 6. Nbd2 Bd6 7. Bxd6 Qxd6
8. Bd3 O-O 9. O-O Re8 10. c3 Nbd7 11. Qc2 Re7 12. h3 Bh5 13. Rfe1 Rae8 14. Rxe7
Rxe7 15. Re1 Bxf3 16. Nxf3 Rxe1+ 17. Nxe1 Qe7 18. Qe2 Qxe2 19. Bxe2 Nb6 20. Bf3
c6 1/2-1/2